Հովհաննես Թումանյանի հասարակական գործունեությունը : (Record no. 85670)
[ view plain ]
| 000 -LEADER | |
|---|---|
| fixed length control field | 01501nam a2200265 a 4500 |
| 001 - CONTROL NUMBER | |
| control field | 000241708 |
| 003 - CONTROL NUMBER IDENTIFIER | |
| control field | AM-YEHGA |
| 005 - DATE AND TIME OF LATEST TRANSACTION | |
| control field | 20251210161939.0 |
| 008 - FIXED-LENGTH DATA ELEMENTS--GENERAL INFORMATION | |
| fixed length control field | 030630s1992 ai ac||gr|||||||||0|arm|d |
| 020 ## - INTERNATIONAL STANDARD BOOK NUMBER | |
| International Standard Book Number | 5-8080-0204-8 |
| 040 ## - CATALOGING SOURCE | |
| Original cataloging agency | AM-YeHGA |
| 041 0# - LANGUAGE CODE | |
| Language code of text/sound track or separate title | arm |
| 100 1# - MAIN ENTRY--PERSONAL NAME | |
| Personal name | Կարապետյան, Լուսիկ Միքայելի, |
| Dates associated with a name | 1921-2009 |
| 245 10 - TITLE STATEMENT | |
| Title | Հովհաննես Թումանյանի հասարակական գործունեությունը : |
| Remainder of title | (Դրվագներ) = Общественная деятельность Ованеса Туманяна / |
| Statement of responsibility, etc. | Լ. Կարապետյան ; Խմբ.՝ Է.Մ. Ջրբաշյան ; ՀՀ ԳԱԱ Մ. Աբեղյանի անվ. գրակ. ին-տ. |
| 246 31 - VARYING FORM OF TITLE | |
| Title proper/short title | Общественная деятельность Ованеса Туманяна |
| Remainder of title | (Фрагменты) |
| 260 ## - PUBLICATION, DISTRIBUTION, ETC. | |
| Place of publication, distribution, etc. | Երևան : |
| Name of publisher, distributor, etc. | Հայաստանի ԳԱ հրատ, |
| Date of publication, distribution, etc. | 1992. |
| 300 ## - PHYSICAL DESCRIPTION | |
| Extent | 256 էջ : |
| Other physical details | [4] թ. նկ, դիմանկ. |
| 600 14 - SUBJECT ADDED ENTRY--PERSONAL NAME | |
| Personal name | Թումանյան, Հովհաննես Թադևոսի, |
| Dates associated with a name | 1869-1923 |
| 9 (RLIN) | 1108 |
| 650 14 - SUBJECT ADDED ENTRY--TOPICAL TERM | |
| Topical term or geographic name entry element | Գրականագիտություն |
| General subdivision | Հայ գրողներ |
| 700 1# - ADDED ENTRY--PERSONAL NAME | |
| Personal name | Ջրբաշյան, Էդվարդ Մկրտչի, |
| Dates associated with a name | 1923-1999 |
| Relator term | խմբ. |
| Relationship | edt |
| 9 (RLIN) | 108 |
| 710 2# - ADDED ENTRY--CORPORATE NAME | |
| Corporate name or jurisdiction name as entry element | Գիտությունների ազգային ակադեմիա ՀՀ |
| 710 2# - ADDED ENTRY--CORPORATE NAME | |
| Corporate name or jurisdiction name as entry element | Գրականության ինստիտուտ Մ. Աբեղյանի անվան ՀՀ ԳԱԱ |
| 856 41 - ELECTRONIC LOCATION AND ACCESS | |
| Uniform Resource Identifier | <a href="https://arar.sci.am/dlibra/publication/454722/edition/422265/content">https://arar.sci.am/dlibra/publication/454722/edition/422265/content</a> |
| Link text | Կարդալ առցանց |
| 942 ## - ADDED ENTRY ELEMENTS (KOHA) | |
| Source of classification or shelving scheme | Universal Decimal Classification |
| Koha item type | Գրքեր / Books |
| Withdrawn status | Lost status | Damaged status | Not for loan | Collection | Home library | Current library | Date acquired | Total checkouts | Full call number | Barcode | Date last seen | Copy number | Price effective from | Koha item type | Public note |
|---|---|---|---|---|---|---|---|---|---|---|---|---|---|---|---|
| General | Fundamental Scientific Library | Fundamental Scientific Library | 22/12/2016 | AII/82687 | FL0214076 | 22/12/2016 | 929:891.981 | 22/12/2016 | Գրքեր / Books | 30 Days Loan | |||||
| General | Fundamental Scientific Library | Fundamental Scientific Library | 22/12/2016 | AII/82955 | FL0222774 | 22/12/2016 | 929:891.981 | 22/12/2016 | Գրքեր / Books | 30 Days Loan | |||||
| General | Fundamental Scientific Library | Fundamental Scientific Library | 06/02/2023 | AII/109509 | FL0678212 | 06/02/2023 | 06/02/2023 | Գրքեր / Books | 30 Days Loan |
ՀՀ Գիտությունների ազգային ակադեմիայի հիմնարար գիտական գրադարան = Fundamental Scientific Library of NAS RA
All site content, except where otherwise noted, is licensed under a